[Event "Medellin Flores op 24th"]
[Site "Medellin"]
[Date "2017.08.07"]
[Round "8"]
[White "Ojeda, Jesus David"]
[Black "Castano, Henry Augusto"]
[Result "1-0"]
[WhiteElo "2052"]
[BlackElo "2178"]
[PlyCount "137"]
[EventDate "2017.08.03"]
[EventType "swiss"]
[EventRounds "9"]
[EventCountry "COL"]
[SourceTitle "CBM 179 Extra"]
[Source "ChessBase"]
[SourceDate "2017.08.23"]
[SourceVersion "1"]
[SourceVersionDate "2017.08.23"]
[SourceQuality "1"]

1. e4 e5 2. Nf3 Nc6 3. Bc4 Nf6 4. Nc3 Be7 5. a3 0-0 6. 0-0 d6 7. Re1 Be6 8. d3 Bxc4 9. dxc4 Nd7 10. Nd5 f5 11. exf5 Rxf5 12. Qd3 Rf8 13. Be3 Kh8 14. Rad1 Nf6 15. Ng5 e4 16. Nxe4 Ne5 17. Qd4 c5 18. Nxc5 Nc6 19. Ne6 Nxd4 20. Nxd8 Nxc2 21. Ne6 Nxd5 22. cxd5 Rfc8 23. Re2 Bf6 24. Bf4 Bxb2 25. Rdd2 Nd4 26. Rxb2 Nxe2+ 27. Rxe2 Rc3 28. g4 Rxa3 29. Bxd6 Rd3 30. Re5 a5 31. Kf1 a4 32. Ke2 Rb3 33. Bf8 a3 34. Bxg7+ Kg8 35. Re3 Rxe3+ 36. Kxe3 Kf7 37. f4 b5 38. Kd3 Rc8 39. f5 b4 40. d6 Rc6 41. Be5 Ke8 42. f6 a2 43. Nc7+ Kd7 44. Nb5 Rc5 45. f7 Rxe5 46. f8Q a1Q 47. Qf7+ Kc6 48. Nd4+ Kxd6 49. Qf6+ Kd7 50. Qxe5 Qf1+ 51. Ke4 Qg2+ 52. Kf5 Qf1+ 53. Kg5 Qc1+ 54. Kh5 Qc4 55. Qg7+ Kc8 56. Qh8+ Kb7 57. Qxh7+ Ka6 58. Qg6+ Ka5 59. Qf5+ Ka4 60. Qd7+ Ka3 61. Nb5+ Kb2 62. Qd4+ Qxd4 63. Nxd4 Kc3 64. Nb5+ Kc4 65. g5 Kxb5 66. g6 b3 67. g7 b2 68. g8Q b1Q 69. Qb8+ 1-0

[Event "Medellin Flores op 24th"]
[Site "Medellin"]
[Date "2017.08.04"]
[Round "3"]
[White "Sanchez Alvarez, Roberto Carlos"]
[Black "Castano, Henry Augusto"]
[Result "1/2-1/2"]
[WhiteElo "2393"]
[BlackElo "2178"]
[PlyCount "57"]
[EventDate "2017.08.03"]
[EventType "swiss"]
[EventRounds "9"]
[EventCountry "COL"]
[SourceTitle "CBM 179 Extra"]
[Source "ChessBase"]
[SourceDate "2017.08.23"]
[SourceVersion "1"]
[SourceVersionDate "2017.08.23"]
[SourceQuality "1"]

1. d4 d5 2. c4 c6 3. Nf3 Nf6 4. Nc3 dxc4 5. a4 Bf5 6. Ne5 Nbd7 7. Nxc4 Qc7 8. g3 e5 9. dxe5 Nxe5 10. Bf4 Nfd7 11. Bg2 g5 12. Nxe5 gxf4 13. Nxd7 0-0-0 14. Qd4 Qxd7 15. Qxf4 Bd6 16. Qd4 Bc7 17. Qxd7+ Rxd7 18. Rd1 Rhd8 19. Rxd7 Rxd7 20. e3 Be5 21. e4 Bg4 22. f3 Be6 23. f4 Bxc3+ 24. bxc3 Rd3 25. f5 Bc4 26. 0-0 Rxc3 27. Rf4 Rc1+ 28. Kf2 Rc2+ 29. Kg1 1/2-1/2

[Event "Medellin Antioquia Cup"]
[Site "Medellin"]
[Date "2016.10.13"]
[Round "2"]
[White "Castano, Henry Augusto"]
[Black "Almeida Quintana, Omar"]
[Result "0-1"]
[WhiteElo "2198"]
[BlackElo "2518"]
[PlyCount "86"]
[EventDate "2016.10.12"]
[EventType "swiss"]
[EventRounds "8"]
[EventCountry "COL"]
[SourceTitle "CBM 175 Extra"]
[Source "ChessBase"]
[SourceDate "2016.12.12"]
[SourceVersion "1"]
[SourceVersionDate "2016.12.12"]
[SourceQuality "1"]

1. e4 g6 2. d4 Bg7 3. Nc3 d6 4. Be3 a6 5. a4 Nf6 6. h3 Nc6 7. Nge2 e5 8. d5 Ne7 9. g3 Bd7 10. Bg2 Qc8 11. Qd2 0-0 12. g4 h5 13. Bh6 b5 14. a5 c6 15. Ng3 b4 16. Na4 h4 17. Nb6 Qb7 18. Nf5 gxf5 19. gxf5 Nh7 20. Rg1 Bf6 21. 0-0-0 cxd5 22. Bf3+ Kh8 23. Qxb4 Rfd8 24. Bh5 Ng8 25. Bd2 Be8 26. exd5 Ne7 27. Bf3 Bd7 28. Nxa8 Qxa8 29. Qxd6 Bxf5 30. Qb4 Nxd5 31. Bxd5 Rxd5 32. Bc3 Rxd1+ 33. Rxd1 Bxh3 34. f4 Bg4 35. fxe5 Bg5+ 36. Kb1 Bxd1 37. e6+ f6 38. e7 Bh5 39. Qd4 Kg7 40. Qd8 Qh1+ 41. Ka2 Bf7+ 42. b3 Qe4 43. Ka3 Qxc2 0-1

[Event "Medellin Flores op 23rd"]
[Site "Medellin"]
[Date "2016.08.07"]
[Round "9"]
[White "Guerrero Sierra, Juan Carlos"]
[Black "Castano, Henry Augusto"]
[Result "1-0"]
[WhiteElo "2279"]
[BlackElo "2181"]
[PlyCount "74"]
[EventDate "2016.08.03"]
[EventType "swiss"]
[EventRounds "9"]
[EventCountry "COL"]
[SourceTitle "CBM 173 Extra"]
[Source "ChessBase"]
[SourceDate "2016.08.29"]
[SourceVersion "1"]
[SourceVersionDate "2016.08.29"]
[SourceQuality "1"]

1. Nf3 Nf6 2. d4 d5 3. c4 c6 4. Nc3 dxc4 5. a4 Bf5 6. Ne5 Nbd7 7. Nxc4 Qc7 8. g3 e5 9. dxe5 Nxe5 10. Bf4 Nfd7 11. Bg2 g5 12. Nxe5 gxf4 13. Nxd7 Bxd7 14. Qd4 Rg8 15. Rc1 Be7 16. Bf3 fxg3 17. hxg3 Bf5 18. Be4 Rd8 19. Qxa7 Bxe4 20. Nxe4 Qe5 21. Qe3 f5 22. Qb3 Rg4 23. Nc3 Rxg3 24. Rd1 Rxd1+ 25. Kxd1 Qd4+ 26. Ke1 Rg2 27. e3 Qd7 28. Rxh7 Rg1+ 29. Ke2 Kd8 30. Rh8+ Kc7 31. a5 Bc5 32. Qc4 Qe7 33. Qf4+ Bd6 34. Qxf5 Qd7 35. Rh7 Be7 36. Qe5+ Kc8 37. Qxe7 Qg4+ 1-0

[Event "COL pre olympic sf1"]
[Site "Medellin"]
[Date "2016.03.26"]
[Round "7"]
[White "Gomez Barrero, Sergio"]
[Black "Castano, Henry Augusto"]
[Result "1-0"]
[WhiteElo "2054"]
[BlackElo "2200"]
[PlyCount "87"]
[EventDate "2016.03.22"]
[EventType "swiss"]
[EventRounds "9"]
[EventCountry "COL"]
[SourceTitle "CBM 171 Extra"]
[Source "ChessBase"]
[SourceDate "2016.04.26"]
[SourceVersion "1"]
[SourceVersionDate "2016.04.26"]
[SourceQuality "1"]

1. e4 e5 2. Nf3 Nc6 3. d4 exd4 4. Nxd4 Bc5 5. Be3 Qf6 6. c3 b6 7. Bc4 Bb7 8. a3 Nge7 9. b4 Bxd4 10. cxd4 0-0-0 11. 0-0 d5 12. e5 Qe6 13. Be2 Kb8 14. Qd3 f6 15. f4 f5 16. Nd2 h6 17. g4 Rdf8 18. b5 Na5 19. h3 Nc4 20. Rac1 g5 21. fxg5 hxg5 22. Bxg5 Rfg8 23. Bxe7 fxg4 24. Bb4 Rxh3 25. Rf6 Qe8 26. Qf5 Ne3 27. Qe6 Qxe6 28. Rxe6 g3 29. Bf3 g2 30. Kf2 Nf1 31. Bxg2 Rh2 32. Kxf1 Rgxg2 33. Rf6 Bc8 34. Rf8 Kb7 35. Rf7 Bh3 36. Rcxc7+ Kb8 37. Rb7+ Kc8 38. Rfc7+ Kd8 39. Be7+ Ke8 40. Rb8+ Kf7 41. Bd6+ Ke6 42. Re7+ Kf5 43. Rf8+ Kg5 44. Rg7+ 1-0

[Event "Medellin Flores op 22nd"]
[Site "Medellin"]
[Date "2015.08.07"]
[Round "4"]
[White "Castano, Henry Augusto"]
[Black "Corredor Rengifo, Luis Fernando"]
[Result "1/2-1/2"]
[WhiteElo "2208"]
[BlackElo "2018"]
[PlyCount "61"]
[EventDate "2015.08.05"]
[EventType "swiss"]
[EventRounds "9"]
[EventCountry "COL"]
[SourceTitle "EXT 2016"]
[Source "ChessBase"]
[SourceDate "2015.10.08"]
[SourceVersion "1"]
[SourceVersionDate "2015.10.08"]
[SourceQuality "1"]

1. e4 e5 2. Nf3 Nc6 3. Nc3 Nf6 4. Bb5 d6 5. d4 exd4 6. Nxd4 Bd7 7. Bxc6 bxc6 8. 0-0 Be7 9. Bf4 0-0 10. e5 dxe5 11. Bxe5 Bd6 12. Bxd6 cxd6 13. Nb3 Qc7 14. Re1 Rfe8 15. Qd3 Be6 16. Rad1 Rad8 17. Nd4 d5 18. Qg3 Qc8 19. f3 c5 20. Ndb5 d4 21. Ne4 Nxe4 22. Rxe4 Qc6 23. Nc7 Re7 24. Nxe6 Rxe6 25. Rg4 g6 26. Qh4 Rde8 27. c3 d3 28. Rxd3 Re1+ 29. Kf2 Qb5 30. Rd2 Qf1+ 31. Kg3 1/2-1/2

[Event "Medellin Flores op 22nd"]
[Site "Medellin"]
[Date "2015.08.06"]
[Round "3"]
[White "Salcedo Perez, Pablo Esteban"]
[Black "Castano, Henry Augusto"]
[Result "0-1"]
[WhiteElo "1907"]
[BlackElo "2208"]
[PlyCount "69"]
[EventDate "2015.08.05"]
[EventType "swiss"]
[EventRounds "9"]
[EventCountry "COL"]
[SourceTitle "EXT 2016"]
[Source "ChessBase"]
[SourceDate "2015.10.08"]
[SourceVersion "1"]
[SourceVersionDate "2015.10.08"]
[SourceQuality "1"]

1. d4 Nf6 2. c4 e6 3. Nc3 Bb4 4. Nf3 d5 5. e3 0-0 6. Bd3 c5 7. cxd5 exd5 8. dxc5 Nc6 9. 0-0 Bxc5 10. h3 a6 11. a3 Re8 12. b4 Ba7 13. Ne2 Ne4 14. b5 axb5 15. Bxb5 Qf6 16. Nfd4 Bd7 17. Bb2 Qd6 18. a4 Bb8 19. Nf3 Bxh3 20. gxh3 Qg6+ 21. Kh1 Qf5 22. Nf4 Bxf4 23. exf4 Qxh3+ 24. Nh2 Re6 25. Qg4 Qh6 26. f5 Ne5 27. Bxe5 Rxe5 28. f4 Rxf5 29. Rac1 Qf6 30. Bd7 h5 31. Qf3 Nd2 32. Qd3 Nxf1 33. Bxf5 Qxf5 34. Qxf1 Rxa4 35. Re1 0-1

[Event "Medellin Flores op 20th"]
[Site "Medellin"]
[Date "2014.08.10"]
[Round "8"]
[White "Castano, Henry Augusto"]
[Black "Peinado, Edwin Halley"]
[Result "0-1"]
[WhiteElo "2253"]
[BlackElo "2144"]
[PlyCount "70"]
[EventDate "2014.08.06"]
[EventType "swiss"]
[EventRounds "9"]
[EventCountry "COL"]
[SourceTitle "CBM 162 Extra"]
[Source "ChessBase"]
[SourceDate "2014.10.17"]
[SourceVersion "1"]
[SourceVersionDate "2014.10.17"]
[SourceQuality "1"]

1. e4 c6 2. d4 d5 3. Nc3 dxe4 4. Nxe4 Nd7 5. Nf3 Ngf6 6. Nxf6+ Nxf6 7. Qd3 Bg4 8. Ne5 Bh5 9. h3 e6 10. g4 Bg6 11. Nxg6 hxg6 12. Bg2 Bd6 13. f4 Nxg4 14. 0-0 Nf6 15. c4 Qc7 16. c5 Be7 17. b4 a6 18. a4 Qd7 19. Bb2 Nd5 20. Qd2 0-0 21. Ra3 Bf6 22. h4 Rfd8 23. Rh3 Ne7 24. Rd1 Nf5 25. d5 Bxb2 26. Qxb2 exd5 27. h5 Qe7 28. hxg6 fxg6 29. Kf2 Kf7 30. Re1 Qf6 31. Re5 Re8 32. Rh1 Rxe5 33. fxe5 Qg5 34. e6+ Ke7 35. Rh3 Rf8 0-1

[Event "Medellin Flores op 20th"]
[Site "Medellin"]
[Date "2014.08.10"]
[Round "9"]
[White "Ojeda, Jesus David"]
[Black "Castano, Henry Augusto"]
[Result "1-0"]
[WhiteElo "2033"]
[BlackElo "2253"]
[PlyCount "57"]
[EventDate "2014.08.06"]
[EventType "swiss"]
[EventRounds "9"]
[EventCountry "COL"]
[SourceTitle "CBM 162 Extra"]
[Source "ChessBase"]
[SourceDate "2014.10.17"]
[SourceVersion "1"]
[SourceVersionDate "2014.10.17"]
[SourceQuality "1"]

1. b3 e5 2. Bb2 Nc6 3. c4 Nf6 4. e3 d5 5. cxd5 Nxd5 6. Bb5 Bd6 7. Ne2 0-0 8. Nbc3 Nce7 9. d4 Nxc3 10. Bxc3 Nd5 11. Bd2 exd4 12. Nxd4 Qg5 13. g3 Bh3 14. Bf1 Nxe3 15. Bxe3 Bb4+ 16. Ke2 Bg4+ 17. f3 Rfe8 18. Qd3 c5 19. h4 Qf6 20. Kf2 Bd7 21. Rd1 Rxe3 22. Qxe3 cxd4 23. Qf4 Qb6 24. Bc4 Kh8 25. Kg2 Bc3 26. Qxf7 Bc6 27. h5 Qd8 28. h6 g6 29. Qg7# 1-0

[Event "Medellin Flores op 20th"]
[Site "Medellin"]
[Date "2014.08.09"]
[Round "6"]
[White "Castano, Henry Augusto"]
[Black "Soto, Cristian Camilo"]
[Result "1-0"]
[WhiteElo "2253"]
[BlackElo "2117"]
[PlyCount "49"]
[EventDate "2014.08.06"]
[EventType "swiss"]
[EventRounds "9"]
[EventCountry "COL"]
[SourceTitle "CBM 162 Extra"]
[Source "ChessBase"]
[SourceDate "2014.10.17"]
[SourceVersion "1"]
[SourceVersionDate "2014.10.17"]
[SourceQuality "1"]

1. e4 c5 2. Nf3 Nc6 3. d4 cxd4 4. Nxd4 e6 5. Nc3 Nf6 6. Ndb5 Bb4 7. a3 Bxc3+ 8. Nxc3 d5 9. exd5 exd5 10. Bd3 0-0 11. 0-0 h6 12. Ne2 Be6 13. b4 Nd7 14. Bb2 Nb6 15. f4 Bg4 16. h3 Bxe2 17. Qxe2 Na4 18. Bxg7 Kxg7 19. Qg4+ Kf6 20. Rae1 Rh8 21. Rf3 Qb6+ 22. Kh2 Rag8 23. Qh4+ Kg7 24. Rg3+ Kf8 25. Rxg8+ 1-0

[Event "Medellin Flores op 20th"]
[Site "Medellin"]
[Date "2014.08.09"]
[Round "7"]
[White "Chirivi Castiblanco, Jenny Astrid"]
[Black "Castano, Henry Augusto"]
[Result "1-0"]
[WhiteElo "2185"]
[BlackElo "2253"]
[PlyCount "59"]
[EventDate "2014.08.06"]
[EventType "swiss"]
[EventRounds "9"]
[EventCountry "COL"]
[SourceTitle "CBM 162 Extra"]
[Source "ChessBase"]
[SourceDate "2014.10.17"]
[SourceVersion "1"]
[SourceVersionDate "2014.10.17"]
[SourceQuality "1"]

1. d4 Nf6 2. c4 g6 3. Nc3 Bg7 4. e4 d6 5. f3 0-0 6. Be3 c5 7. Nge2 Nc6 8. d5 Na5 9. Ng3 e6 10. Bd3 exd5 11. cxd5 a6 12. 0-0 b5 13. a3 Nd7 14. f4 Rb8 15. e5 dxe5 16. f5 Qh4 17. Nce4 Bh6 18. Bxh6 Qxh6 19. Rf3 Bb7 20. b4 cxb4 21. axb4 Nc4 22. Bxc4 bxc4 23. Nd6 Ba8 24. Rxa6 Rb6 25. b5 Qh4 26. Nge4 f6 27. Ra7 gxf5 28. Rg3+ Kh8 29. Rxd7 fxe4 30. Nf7+ 1-0

[Event "Medellin Flores op 20th"]
[Site "Medellin"]
[Date "2014.08.08"]
[Round "4"]
[White "Castano, Henry Augusto"]
[Black "Alvarez, Dager"]
[Result "1-0"]
[WhiteElo "2253"]
[BlackElo "2138"]
[PlyCount "113"]
[EventDate "2014.08.06"]
[EventType "swiss"]
[EventRounds "9"]
[EventCountry "COL"]
[SourceTitle "CBM 162 Extra"]
[Source "ChessBase"]
[SourceDate "2014.10.17"]
[SourceVersion "1"]
[SourceVersionDate "2014.10.17"]
[SourceQuality "1"]

1. Nf3 c5 2. c4 Nc6 3. Nc3 e6 4. g3 Nf6 5. Bg2 a6 6. 0-0 Be7 7. d4 cxd4 8. Nxd4 0-0 9. b3 Qc7 10. Bb2 d6 11. Qd2 Rd8 12. Rfd1 Rb8 13. Rac1 Nxd4 14. Qxd4 b6 15. Ne4 Bb7 16. Rd2 Ne8 17. Qe3 Bc6 18. Ng5 Bxg2 19. Kxg2 Qc5 20. Qxc5 dxc5 21. Rxd8 Rxd8 22. Nf3 Bf6 23. Bc3 Kf8 24. Be1 Ke7 25. Kf1 Nd6 26. Nd2 Kd7 27. e3 Kc6 28. Ke2 Rd7 29. f3 Be7 30. g4 b5 31. cxb5+ axb5 32. Bg3 Nb7 33. h3 Bd8 34. Ne4 Ba5 35. Rc2 Bb4 36. Bf2 Kb6 37. Bg3 Na5 38. Bd6 f5 39. Bxc5+ Bxc5 40. Nxc5 Rc7 41. b4 Nb7 42. a4 Nxc5 43. a5+ Ka6 44. bxc5 Kxa5 45. Kd3 Kb4 46. Kd4 Rd7+ 47. Ke5 Rd5+ 48. Kxe6 Rxc5 49. Rg2 fxg4 50. Rxg4+ Kc3 51. Rxg7 Kd3 52. e4 h5 53. e5 Ke3 54. Kd6 Rc4 55. Rf7 b4 56. e6 Rc8 57. Rb7 1-0

[Event "Medellin Flores op 20th"]
[Site "Medellin"]
[Date "2014.08.08"]
[Round "5"]
[White "Zuluaga Mancilla, Cesar"]
[Black "Castano, Henry Augusto"]
[Result "1-0"]
[WhiteElo "2349"]
[BlackElo "2253"]
[PlyCount "71"]
[EventDate "2014.08.06"]
[EventType "swiss"]
[EventRounds "9"]
[EventCountry "COL"]
[SourceTitle "CBM 162 Extra"]
[Source "ChessBase"]
[SourceDate "2014.10.17"]
[SourceVersion "1"]
[SourceVersionDate "2014.10.17"]
[SourceQuality "1"]

1. d4 d5 2. Nf3 Nf6 3. Bf4 c5 4. e3 Nc6 5. c3 Qb6 6. Qb3 c4 7. Qc2 Bf5 8. Qc1 e6 9. Nbd2 Be7 10. h3 h6 11. Be2 Qd8 12. Ne5 Nxe5 13. Bxe5 b5 14. a4 b4 15. Bxf6 Bxf6 16. cxb4 Qb6 17. b5 0-0 18. 0-0 Rfc8 19. Nb1 a6 20. Nc3 axb5 21. axb5 Be7 22. Rxa8 Rxa8 23. Qd2 Bb4 24. Nxd5 exd5 25. Qxb4 Ra5 26. Qe7 Rxb5 27. Qe8+ Kh7 28. Bf3 Ra5 29. Qxf7 Bg6 30. Qd7 Qxb2 31. Bxd5 c3 32. Bg8+ Kxg8 33. Qd8+ Kh7 34. Qxa5 Bd3 35. Ra1 Bb1 36. Ra3 1-0

[Event "Medellin Flores op 19th"]
[Site "Medellin"]
[Date "2013.08.05"]
[Round "4"]
[White "Castano, Henry Augusto"]
[Black "Lozano Ramirez, Nestor Favian"]
[Result "0-1"]
[WhiteElo "2299"]
[BlackElo "2145"]
[PlyCount "110"]
[EventDate "2013.08.03"]
[EventType "swiss"]
[EventRounds "9"]
[EventCountry "COL"]
[SourceTitle "CBM 155 Extra"]
[Source "ChessBase"]
[SourceDate "2013.08.26"]
[SourceVersion "1"]
[SourceVersionDate "2013.08.26"]
[SourceQuality "1"]

1. e4 c5 2. Nf3 g6 3. d4 Bg7 4. dxc5 Qa5+ 5. c3 Qxc5 6. Na3 Nf6 7. Nb5 b6 8. e5 Ng4 9. Qd4 Nxe5 10. Qxc5 Nxf3+ 11. gxf3 bxc5 12. Nc7+ Kd8 13. Nxa8 Bb7 14. Be2 d6 15. h4 h5 16. Be3 Bxa8 17. Rc1 Nc6 18. a3 a5 19. Rg1 Kd7 20. Rc2 Rb8 21. f4 Bf6 22. f5 gxf5 23. Bg5 Bh8 24. Bxh5 Ne5 25. Rg3 c4 26. Be2 Be4 27. Rd2 Nd3+ 28. Bxd3 Bxd3 29. Be3 e5 30. f4 d5 31. Ba7 Re8 32. Re3 Ra8 33. Bc5 Kc6 34. Be7 exf4 35. Rexd3 cxd3 36. Kf2 Be5 37. Kf3 f6 38. a4 Rh8 39. Rxd3 Rxh4 40. Rd1 Rh3+ 41. Kg2 Re3 42. Ba3 Re4 43. b4 Re2+ 44. Kf1 Ra2 45. b5+ Kb7 46. Bc5 Rxa4 47. Rxd5 Rc4 48. Bd6 a4 49. Bxe5 fxe5 50. Rxe5 a3 51. Re6 Ra4 52. Re1 Kb6 53. Ra1 Kxb5 54. Ke2 Kc4 55. Kd2 a2 0-1

[Event "Medellin Semana Santa op"]
[Site "Medellin"]
[Date "2013.03.30"]
[Round "6"]
[White "Castano, Henry Augusto"]
[Black "Posada Zuluaga, Juan Manuel"]
[Result "1-0"]
[WhiteElo "2299"]
[BlackElo "2057"]
[PlyCount "116"]
[EventDate "2013.03.27"]
[EventType "swiss"]
[EventRounds "7"]
[EventCountry "COL"]
[SourceTitle "CBM 153 Extra"]
[Source "ChessBase"]
[SourceDate "2013.04.22"]
[SourceVersion "1"]
[SourceVersionDate "2013.04.22"]
[SourceQuality "1"]

1. e4 c5 2. Nf3 d6 3. Bb5+ Nd7 4. d4 Ngf6 5. Bxd7+ Bxd7 6. dxc5 Nxe4 7. cxd6 Nxd6 8. Bf4 Bc6 9. Bxd6 Qxd6 10. Qxd6 exd6 11. 0-0 0-0-0 12. Nc3 Be7 13. Nd4 Bf6 14. Rad1 a6 15. Rd3 Rhe8 16. f3 Kc7 17. Rfd1 g6 18. Kf2 Bxd4+ 19. Rxd4 Re6 20. Rh4 h5 21. Rf4 Rd7 22. h4 Rde7 23. Rfd4 f6 24. R1d2 g5 25. Rd1 Rg7 26. Ne2 Rge7 27. R1d2 Be8 28. Nc3 Bc6 29. a4 a5 30. Nd5+ Bxd5 31. Rxd5 Re5 32. Rxd6 gxh4 33. Rxf6 Rg5 34. Rf4 Reg7 35. Kf1 h3 36. gxh3 Rg1+ 37. Kf2 R1g2+ 38. Ke3 Re7+ 39. Re4 Rxe4+ 40. fxe4 Rg3+ 41. Kd4 Rxh3 42. Rg2 Rh1 43. Rg7+ Kc6 44. Rh7 h4 45. Rh6+ Kc7 46. Kc5 Rc1 47. Rh7+ Kc8 48. c3 Rc2 49. Rxh4 Rxb2 50. e5 Re2 51. Kd6 Rd2+ 52. Ke6 Kc7 53. Rc4+ Kd8 54. Rc5 Rc2 55. Kd6 Rd2+ 56. Rd5 Rc2 57. Rxa5 Rd2+ 58. Rd5 Rc2 1-0

[Event "Medellin Semana Santa op"]
[Site "Medellin"]
[Date "2013.03.28"]
[Round "2"]
[White "Castano, Henry Augusto"]
[Black "Arango, Andres Mauricio"]
[Result "1-0"]
[WhiteElo "2299"]
[BlackElo "2113"]
[PlyCount "81"]
[EventDate "2013.03.27"]
[EventType "swiss"]
[EventRounds "7"]
[EventCountry "COL"]
[SourceTitle "CBM 153 Extra"]
[Source "ChessBase"]
[SourceDate "2013.04.22"]
[SourceVersion "1"]
[SourceVersionDate "2013.04.22"]
[SourceQuality "1"]

1. e4 c5 2. Nf3 e6 3. d3 d5 4. Qe2 Ne7 5. h4 Nbc6 6. c3 b6 7. h5 h6 8. Bf4 g5 9. hxg6 Nxg6 10. Bg3 Bg7 11. Qc2 Bb7 12. Nbd2 f5 13. exf5 exf5 14. 0-0-0 0-0 15. Nh4 Nce7 16. Nxg6 Nxg6 17. f4 b5 18. Nf3 b4 19. c4 Qa5 20. Kb1 Rad8 21. d4 Rc8 22. Ne5 Rf6 23. b3 cxd4 24. Rxd4 dxc4 25. Rxc4 Rxc4 26. Bxc4+ Kh7 27. Re1 Ba6 28. Bf2 Bxc4 29. Nxc4 Qd5 30. g3 Re6 31. Rxe6 Qxe6 32. g4 Qf6 33. Ne5 fxg4 34. Bd4 h5 35. Nxg6 Qxg6 36. f5 Qd6 37. f6+ Kg8 38. Qc4+ Kh7 39. Qd3+ Kg8 40. Qc4+ Kh7 41. Qf7 1-0

[Event "Madrid-ch sf-B"]
[Site "Madrid"]
[Date "2012.03.22"]
[Round "1"]
[White "Castano, Henry Augusto"]
[Black "Fuentes Arjona, Antonio C"]
[Result "1-0"]
[WhiteElo "2284"]
[BlackElo "2012"]
[PlyCount "157"]
[EventDate "2012.03.22"]
[EventType "swiss"]
[EventRounds "9"]
[EventCountry "ESP"]
[SourceTitle "EXT 2013"]
[Source "ChessBase"]
[SourceDate "2012.11.22"]
[SourceVersion "1"]
[SourceVersionDate "2012.11.22"]
[SourceQuality "1"]

1. e4 c5 2. Nf3 e6 3. d4 cxd4 4. Nxd4 a6 5. Nc3 Qc7 6. Bd3 Nc6 7. Nxc6 Qxc6 8. 0-0 Nf6 9. e5 Nd5 10. Ne4 Nb4 11. Re1 Nxd3 12. cxd3 d5 13. exd6 Bxd6 14. Nxd6+ Qxd6 15. Qg4 0-0 16. Bh6 g6 17. Bxf8 Kxf8 18. Qg5 Kg7 19. d4 b6 20. Qe5+ Qxe5 21. dxe5 Bb7 22. Rac1 Bd5 23. b3 Ra7 24. f4 a5 25. Re3 a4 26. Rc2 axb3 27. axb3 Ra1+ 28. Kf2 Rb1 29. Rcc3 b5 30. Rcd3 Rb2+ 31. Re2 Rxb3 32. Rxb3 Bxb3 33. Ke3 Bd5 34. Rb2 b4 35. g4 b3 36. g5 h5 37. Kd4 Kf8 38. Rb1 Ke7 39. Ra1 Kd8 40. Ra4 Kc7 41. Rb4 Kc6 42. Rb8 Kc7 43. Rb5 Kc6 44. Rb4 Kc7 45. Kc3 Kc6 46. Rb8 Kd7 47. Rb6 Kc7 48. Rd6 Kc8 49. Ra6 Kb7 50. Ra4 Kb6 51. Rb4+ Kc7 52. Kd3 Kc8 53. Kc3 Kc7 54. Kb2 Kc8 55. Rd4 Kc7 56. f5 gxf5 57. Rh4 Bf3 58. Kxb3 Kd7 59. Kc3 Ke7 60. Kd2 Kf8 61. Ke3 Bd1 62. Rd4 Bc2 63. g6 Kg7 64. gxf7 Kxf7 65. Kf4 Kg6 66. Rd8 Be4 67. Rf8 Bd5 68. Rf6+ Kg7 69. Kg5 Bc4 70. Kxh5 Bd5 71. Kg5 Bc4 72. h4 Kh7 73. h5 Bb3 74. h6 f4 75. Rxf4 Bc2 76. Rf6 Bf5 77. Rxf5 exf5 78. Kxf5 Kxh6 79. Kf6 1-0

[Event "Malaga op 14th"]
[Site "Malaga"]
[Date "2011.05.01"]
[Round "4"]
[White "Pap, Misa"]
[Black "Castano, Henry Augusto"]
[Result "1/2-1/2"]
[WhiteElo "2496"]
[BlackElo "2273"]
[PlyCount "93"]
[EventDate "2011.04.29"]
[EventType "swiss"]
[EventRounds "7"]
[EventCountry "ESP"]
[SourceTitle "CBM 142 Extra"]
[Source "ChessBase"]
[SourceDate "2011.06.27"]
[SourceVersion "1"]
[SourceVersionDate "2011.06.27"]
[SourceQuality "1"]

1. e4 e5 2. Nf3 Nc6 3. Bc4 Nf6 4. d4 exd4 5. e5 d5 6. Bb5 Ne4 7. Nxd4 Bc5 8. Be3 Bd7 9. Bxc6 bxc6 10. Nd2 Nxd2 11. Qxd2 Qe7 12. 0-0 0-0 13. Nb3 Bb6 14. Rfe1 Rfe8 15. f4 Qh4 16. Nc5 Bf5 17. a4 a5 18. Bf2 Qh6 19. Bd4 Rab8 20. b3 Qg6 21. Rac1 h5 22. Qf2 Qh7 23. Re3 h4 24. h3 Re6 25. Rc3 Qh6 26. Rf1 Ree8 27. Kh2 Kh7 28. Na6 Rb7 29. Re1 Bxd4 30. Qxd4 Ra8 31. Nc5 Rb4 32. Qd2 Qxf4+ 33. Qxf4 Rxf4 34. Kg1 Kg8 35. e6 fxe6 36. Nxe6 Bxe6 37. Rxe6 Raf8 38. Rg6 Rf1+ 39. Kh2 Rc1 40. Rg4 Rf2 41. Rxc6 Rcxc2 42. Rcg6 Rf7 43. Rxh4 Rd7 44. Rd4 c5 45. Rd3 c4 46. bxc4 Rxc4 47. Rg4 1/2-1/2

[Event "Roquetas de Mar op 22nd"]
[Site "Roquetas de Mar"]
[Date "2011.01.06"]
[Round "8"]
[White "Castano, Henry Augusto"]
[Black "Teske, Henrik"]
[Result "0-1"]
[WhiteElo "2237"]
[BlackElo "2520"]
[PlyCount "78"]
[EventDate "2011.01.02"]
[EventType "swiss"]
[EventRounds "9"]
[EventCountry "ESP"]
[SourceTitle "CBM 140 Extra"]
[Source "ChessBase"]
[SourceDate "2011.03.01"]
[SourceVersion "1"]
[SourceVersionDate "2011.03.01"]
[SourceQuality "1"]

1. e4 c5 2. Nf3 e6 3. d4 cxd4 4. Nxd4 Nc6 5. Nc3 Qc7 6. Be3 Nf6 7. f4 d6 8. Qf3 a6 9. 0-0-0 Be7 10. f5 Ne5 11. Qh3 Neg4 12. Bg1 Bd7 13. Kb1 0-0-0 14. Qg3 h5 15. Qe1 Ne5 16. h4 g6 17. Rh3 gxf5 18. exf5 exf5 19. Nce2 d5 20. Rb3 Nc4 21. Nc3 Rhe8 22. Nce2 Ne4 23. Rf3 Bc5 24. Ka1 Ne5 25. Rb3 Nc4 26. Rf3 Qe5 27. Rb3 Qf6 28. Rf3 Kb8 29. g3 Ne5 30. Rb3 Ba4 31. Re3 Nc4 32. Rf3 Bxc2 33. Rc1 Ned2 34. Rxc2 Bxd4 35. Bxd4 Nxf3 36. Bxf6 Nxe1 37. Rc3 Rc8 38. Bd4 Nd2 39. Rxc8+ Kxc8 0-1

[Event "Madrid Oliver Gonzalez Memorial 1st"]
[Site "Madrid"]
[Date "2010.10.11"]
[Round "3"]
[White "Castano, Henry Augusto"]
[Black "Almagro Llamas, Pablo"]
[Result "1/2-1/2"]
[WhiteElo "2205"]
[BlackElo "2451"]
[PlyCount "70"]
[EventDate "2010.10.09"]
[EventType "swiss"]
[EventRounds "9"]
[EventCountry "ESP"]
[SourceTitle "CBM 138 Extra"]
[Source "ChessBase"]
[SourceDate "2010.10.29"]
[SourceVersion "1"]
[SourceVersionDate "2010.10.29"]
[SourceQuality "1"]

1. e4 c6 2. d4 d5 3. f3 e6 4. Nc3 Qb6 5. a3 Nf6 6. e5 Nfd7 7. f4 c5 8. Nf3 Nc6 9. Be3 a6 10. Be2 Qa7 11. Qd2 b5 12. 0-0 Be7 13. Nd1 0-0 14. Nf2 f6 15. exf6 Nxf6 16. dxc5 Bxc5 17. Bxc5 Qxc5 18. Kh1 Bb7 19. Nd3 Qb6 20. Nfe5 Ne7 21. Bf3 Ne4 22. Qb4 Qc7 23. a4 bxa4 24. Bxe4 dxe4 25. Nc5 Bc8 26. Qxe4 Rb8 27. Ned3 Rf6 28. Qxa4 Rb6 29. Qe4 Rf5 30. b4 Nd5 31. Na4 Rc6 32. Nac5 Rb6 33. Na4 Rc6 34. Nac5 Rb6 35. Na4 Rc6 1/2-1/2